|
|
|
|
| LEADER |
00000nam0a2200000 4500 |
| 001 |
179646 |
| 005 |
20231101223506.0 |
| 010 |
|
|
|a 5982982741
|
| 035 |
|
|
|a (RuTPU)RU\TPU\book\194742
|
| 090 |
|
|
|a 179646
|
| 100 |
|
|
|a 20100426d2008 m y0rusy50 ca
|
| 101 |
0 |
|
|a rus
|
| 102 |
|
|
|a RU
|
| 105 |
|
|
|a a j 001zy
|
| 200 |
1 |
|
|a Эксплуатационная надежность трубопроводных систем
|e учебное пособие
|f А. В. Рудаченко, С. С. Байкин
|g Томский политехнический университет (ТПУ)
|
| 210 |
|
|
|a Томск
|c Изд-во ТПУ
|d 2008
|
| 215 |
|
|
|a 117 с.
|c ил.
|
| 320 |
|
|
|a Библиогр.: с. 116-117.
|
| 330 |
|
|
|a Рассмотрены вопросы, связанные с повышением эксплуатационной надежности основного и вспомогательного оборудования трубопроводных систем для транспортировки жидких и газообразных углеводородов; теоретические основы надежности ремонтируемых объектов, принцип построения вероятностных моделей надежности трубопроводных систем, классификация вариантов отказов, приведены расчетные формулы для определения надежности линейной части. Проанализированы причины снижения надежности трубопроводных систем и возможные варианты их устранения. Пособие разработано в рамках реализации Инновационной образовательной программы ТПУ по направлению "Рациональное природопользование, экологически безопасные технологии разработки месторождений, транспортировки, переработки нефти и газа" и предназначено для магистров направления 553600 "Нефтегазовое дело" специальности 553614 "Надежность оборудования газонефтепроводов".
|
| 452 |
|
1 |
|0 (RuTPU)RU\TPU\book\205047
|t Эксплуатационная надежность трубопроводных систем
|o учебное пособие
|f А. В. Рудаченко, С. С. Байкин
|g Томский политехнический университет (ТПУ)
|c Томск
|n Изд-во ТПУ
|d 2008
|a Рудаченко, Александр Валентинович
|
| 606 |
1 |
|
|a Нефтепроводы магистральные
|x Надежность
|2 stltpush
|3 (RuTPU)RU\TPU\subj\45743
|9 64934
|
| 610 |
1 |
|
|a газонефтепроводы
|
| 610 |
1 |
|
|a трубопроводные системы
|
| 610 |
1 |
|
|a эксплуатационная надежность
|
| 610 |
1 |
|
|a системы газоснабжения
|
| 610 |
1 |
|
|a жидкие углеводороды
|
| 610 |
1 |
|
|a газообразные углеводороды
|
| 610 |
1 |
|
|a расчетные формулы
|
| 610 |
1 |
|
|a учебные пособия
|
| 610 |
1 |
|
|a труды учёных ТПУ
|
| 610 |
1 |
|
|a транспортировка
|
| 610 |
1 |
|
|a природопользование
|
| 610 |
1 |
|
|a экология
|
| 610 |
1 |
|
|a месторождения
|
| 610 |
1 |
|
|a нефтегазовое дело
|
| 675 |
|
|
|a 622.692.4-192(075.8)
|v 3
|
| 700 |
|
1 |
|a Рудаченко
|b А. В.
|c специалист в области нефтегазового дела
|c доцент Томского политехнического университета, кандидат технических наук
|f 1949-
|g Александр Валентинович
|2 stltpush
|3 (RuTPU)RU\TPU\pers\26135
|
| 701 |
|
1 |
|a Байкин
|b С. С.
|g Сергей Сергеевич
|
| 712 |
0 |
2 |
|a Томский политехнический университет (ТПУ)
|c (1991- )
|2 stltpush
|3 (RuTPU)RU\TPU\col\376
|
| 801 |
|
1 |
|a RU
|b 63413507
|c 20100426
|
| 801 |
|
2 |
|a RU
|b 63413507
|c 20201028
|g RCR
|
| 942 |
|
|
|c BK
|